000 005210000a22002050004500
003 LK-CoMWRAF
005 20231018113030.0
008 230817t ||||| |||| 00| 0 eng d
020 _a8129104032
040 _aLK-CoMWRAF
_dLK-CoMWRAF
_eLK-CoMWRAF
041 _aeng
082 _a821
_bRAO
100 _aRao, Nirupama Menon
245 _aRain rising :
_bPoems
260 _aIndia (New Delhi) :
_bRupa & Company,
_c2004
300 _axiv, 89 p. ; 22 cm.
650 _aPoems
650 _aAlaska--Poetry
942 _cBK
999 _c1729
_d1729